| 000 | 00994nam a22002297a 4500 | ||
|---|---|---|---|
| 999 |
_c8018 _d8018 |
||
| 003 | AR-CdUCM | ||
| 008 | 190322b ||||| |||| 00| 0 spa d | ||
| 040 |
_aMUNICIPALIDAD PROVINCIAL DEL CUSCO _cBIBLIOTECA MUNICIPAL DEL CUSCO |
||
| 082 |
_a635 / _bT94 |
||
| 100 |
_aTurner, Wayne I. _922662 |
||
| 245 |
_aHorticultura y floricultura sin tierra : _bCultivo de plantas científicamente controlado / |
||
| 260 |
_aMéxico : _bEdit. Hispano Americana, _c1968. |
||
| 300 |
_a190 paginas ; _bIlustraciones, _c17 cm. |
||
| 440 |
_aManuales UTHEA _921348 |
||
| 505 | _aContenido :Ideas generales sobre el cultivo en soluciones nutritivas --Ventajas económicas --Adaptación del universo al cultivo de soluciones nutritivas --Cultivo de pequeña escala --Nociones de química y de calculo de las soluciones nutritivas ... | ||
| 650 |
_aTierra _9337 |
||
| 650 |
_aHorticultura _919445 |
||
| 650 |
_aFloricultura _922663 |
||
| 700 |
_aVictor M. Henry _922664 |
||
| 942 |
_2ddc _cLIBROS |
||
| 945 | _arjall | ||